01725cam a22004334i 4500003000900000005001700009008004200026020001500068035002500083040003300108082002000141130005100161245022700212246007400439264007900513264006600592300003400658336002100692337002200713338002300735500004000758500009000798526001000888526001000898526001000908526001000918526000800928526000800936526000800944526000800952526000800960526000800968526000800976534008600984546004301070630006601113710004301179710006901222PE-LiUPU20251009181020.019uu----19uu xx a rb 000 0 spa d z(Sin ISBN) aPE-LiUPU20250715EVSJ aPE-LiUPUbspacPE-LiUPUerda a226.5bA6342230 aBiblia.pN.T.pJuan.lEspañol.sReina-Valera14aEl Nuevo Testamento de Nuestro Señor Jesucristo :bEl Santo Evangelio según San Juan /cAntigua versión de Casiodoro de Reina revisada por Cipriano de Valera, cotejada con diversas traducciones y con el texto griego.1 aNuevo Testamento de nuestro Señor Jesucristo. Evangelio de San Juan 1aLouisville, Kentucky :bImprenta Americana para los Ciegos ;a[sin fecha]. 2a[S.l.] :bSociedad Bíblica Americana,c[entre 1940 y 1965?] a1 volumen en braille ;c28 cm atext2rdacontent atactile2rdamedia avolume2rdacarrier aTexto impreso en Braille español. aEdición basada en la versión Reina-Valera revisada, cotejada con el texto griego. aSEG42 aSEG41 aSEG40 aSEG39 aP94 aP87 aP86 aP85 aP77 aP76 aP35 pVersión original publicada por:cSociedad Bíblica Americana, fundada en 1816. aTexto en español en sistema braille.14aBiblia.pJuan vTextos para personas con discapacidad visual. aSociedad Bíblica Americana,eeditor. aImprenta Americana para los Ciegos (Louisville, Ky.),eimpresor.